<?xml version="1.0" encoding="UTF-8"?>
<collection xmlns="http://www.loc.gov/MARC21/slim">
 <record>
  <leader>00867ntm a22001935a 4500</leader>
  <controlfield tag="001">EUN.eunm000409</controlfield>
  <controlfield tag="008">050307s2003####ag#######bm###000#0#spa#d</controlfield>
  <controlfield tag="005">20260424090536.0</controlfield>
  <datafield tag="245" ind1="1" ind2="0">
   <subfield code="a">Hidrografía del arroyo Claromecó /</subfield>
   <subfield code="c">María Elizabeth Carbone ; directora: María Cintia Piccolo ; codirector: Gerardo M. E. Perillo.</subfield>
  </datafield>
  <datafield tag="260" ind1=" " ind2=" ">
   <subfield code="c">2003.</subfield>
  </datafield>
  <datafield tag="300" ind1=" " ind2=" ">
   <subfield code="a">178 h. :</subfield>
   <subfield code="b">il. col. ;</subfield>
   <subfield code="c">30 cm. + mapas.</subfield>
  </datafield>
  <datafield tag="502" ind1=" " ind2=" ">
   <subfield code="a">Tesis (doctoral)--Universidad Nacional del Sur. Departamento de Geografía, 2004.</subfield>
  </datafield>
  <datafield tag="504" ind1=" " ind2=" ">
   <subfield code="a">Incluye referencias bibliográficas.</subfield>
  </datafield>
  <datafield tag="100" ind1="1" ind2=" ">
   <subfield code="a">Carbone, María Elizabeth,</subfield>
   <subfield code="d">1970-</subfield>
   <subfield code="4">dis</subfield>
  </datafield>
  <datafield tag="700" ind1="1" ind2=" ">
   <subfield code="a">Piccolo, María Cintia,</subfield>
   <subfield code="d">1951-</subfield>
   <subfield code="4">ths</subfield>
  </datafield>
  <datafield tag="710" ind1="2" ind2=" ">
   <subfield code="a">Universidad Nacional del Sur.</subfield>
   <subfield code="b">Departamento de Geografía</subfield>
   <subfield code="4">dgg.</subfield>
  </datafield>
  <datafield tag="650" ind1=" " ind2="7">
   <subfield code="a">Hidrografía.</subfield>
   <subfield code="2">Unbis</subfield>
  </datafield>
  <datafield tag="650" ind1=" " ind2="7">
   <subfield code="a">Estudios hidrográficos.</subfield>
   <subfield code="2">Unbis</subfield>
  </datafield>
  <datafield tag="859" ind1=" " ind2=" ">
   <subfield code="a">AR-BaUNS</subfield>
   <subfield code="b">BIB. CENTRAL - Tesis</subfield>
   <subfield code="h">040</subfield>
   <subfield code="i">B148 2004-670</subfield>
   <subfield code="k">R</subfield>
   <subfield code="p">114861/004</subfield>
  </datafield>
 </record>
</collection>
